| 000 | 00464nam a2200121Ia 4500 | ||
|---|---|---|---|
| 008 | 220615s9999||||xx |||||||||||||| ||und|| | ||
| 100 | _aFog, Agner | ||
| 245 | 0 | _aWarlike and Peaceful Societies: The Interaction of Genes and Culture | |
| 546 | _aEnglish[eng] | ||
| 650 | _aanthropology||ecology||security||collective psychology||sociology||evolutionary psychology||regality theory||conflict | ||
| 856 | _uhttps://www.openbookpublishers.com/reader/657 | ||
| 942 | _cEB | ||
| 999 |
_c18371 _d18371 |
||